[Event "Benidorm Next Generation U12/U14 15th"]
[Site "Benidorm"]
[Date "2019.11.29"]
[Round "1.4"]
[White "Iborra Polo, Eric"]
[Black "Ivanov, Nikita"]
[Result "1-0"]
[WhiteElo "1694"]
[BlackElo "1190"]
[PlyCount "73"]
[EventDate "2019.11.29"]
[EventType "swiss"]
[EventRounds "6"]
[EventCountry "ESP"]
[SourceTitle "EXT 2024"]
[Source "ChessBase"]
[SourceDate "2023.10.10"]
[SourceVersion "1"]
[SourceVersionDate "2023.10.10"]
[SourceQuality "1"]

1. e4 e5 2. Nf3 Nc6 3. Bc4 Bc5 4. 0-0 Nf6 5. d4 exd4 6. e5 Ng4 7. Bf4 Nh6 8. Bg5 f6 9. exf6 gxf6 10. Re1+ Ne7 11. Bxh6 d5 12. Bd3 Rg8 13. Bf4 Bh3 14. Bg3 Bc8 15. Nbd2 Kf7 16. Nb3 Bd6 17. Nfxd4 Bg4 18. Qd2 Qd7 19. Qh6 Rg7 20. f3 Ng8 21. Qe3 Re8 22. Qxe8+ Qxe8 23. Rxe8 Kxe8 24. Bxd6 cxd6 25. fxg4 Rxg4 26. Bb5+ Ke7 27. Re1+ Kf7 28. Nf5 Rb4 29. Be8+ Kf8 30. Re6 Re4 31. Rxe4 dxe4 32. Bh5 Ne7 33. Nxd6 Kg7 34. Nxe4 Nf5 35. Kf2 Kh6 36. Bg4 Nd6 37. Ke3 1-0

[Event "Sant Andreu Tram-B"]
[Site "Barcelona"]
[Date "2019.11.09"]
[Round "7"]
[White "Parra Ordorica, Arnau"]
[Black "Iborra Polo, Eric"]
[Result "1/2-1/2"]
[WhiteElo "1562"]
[BlackElo "1791"]
[PlyCount "125"]
[EventDate "2019.09.14"]
[EventType "tourn"]
[EventRounds "9"]
[EventCountry "ESP"]
[SourceTitle "CBM 195 Extra"]
[Source "ChessBase"]
[SourceDate "2020.05.31"]
[SourceVersion "1"]
[SourceVersionDate "2020.05.31"]
[SourceQuality "1"]

1. e4 c5 2. Nf3 Nc6 3. c3 d5 4. e5 Bg4 5. d4 e6 6. Be3 Qb6 7. Qd2 Bxf3 8. gxf3 cxd4 9. cxd4 Bb4 10. Nc3 Nge7 11. a3 Bxc3 12. Qxc3 Rc8 13. Qd2 Na5 14. Rd1 Nc4 15. Bxc4 Rxc4 16. Rc1 Rxc1+ 17. Qxc1 Kd7 18. 0-0 Rc8 19. Qa1 Rc2 20. b4 Nf5 21. f4 Qb5 22. Qd1 Qe2 23. Re1 Qxd1 24. Rxd1 Nxe3 25. fxe3 Rc3 26. Kf2 Rxa3 27. Rb1 Rc3 28. Rb2 a6 29. Ke2 Kc6 30. Kd2 Rc4 31. Kd3 f5 32. exf6 gxf6 33. b5+ axb5 34. f5 b4 35. fxe6 Kd6 36. e7 Kxe7 37. e4 Rc3+ 38. Kd2 dxe4 39. Rxb4 Rc7 40. Ke3 f5 41. Kf4 Ke6 42. Rb5 Rc1 43. Rxb7 Rf1+ 44. Ke3 Rf3+ 45. Ke2 Rh3 46. Rb6+ Kd5 47. Rb5+ Kxd4 48. Rxf5 Rxh2+ 49. Kf1 Rh6 50. Ra5 Ke3 51. Ra3+ Kf4 52. Kg2 Rg6+ 53. Kf2 Rg5 54. Rh3 h5 55. Rh4+ Ke5 56. Ke3 Kd5 57. Rh3 Ke5 58. Rh4 Kf5 59. Rxe4 Rg3+ 60. Kf2 Ra3 61. Rb4 Kg5 62. Kg2 Ra2+ 63. Kh3 1/2-1/2

[Event "Sant Andreu Tram-B"]
[Site "Barcelona"]
[Date "2019.10.19"]
[Round "5"]
[White "Iborra Polo, Eric"]
[Black "Dartmann Aubanell, Catriona"]
[Result "1-0"]
[WhiteElo "1791"]
[BlackElo "1829"]
[PlyCount "71"]
[EventDate "2019.09.14"]
[EventType "tourn"]
[EventRounds "9"]
[EventCountry "ESP"]
[SourceTitle "CBM 195 Extra"]
[Source "ChessBase"]
[SourceDate "2020.05.31"]
[SourceVersion "1"]
[SourceVersionDate "2020.05.31"]
[SourceQuality "1"]

1. e4 e6 2. d4 d5 3. Bd3 dxe4 4. Bxe4 Nf6 5. Bf3 Nbd7 6. Ne2 Bd6 7. Ng3 0-0 8. 0-0 e5 9. Nf5 Nb6 10. Nxd6 cxd6 11. Re1 Qc7 12. Nc3 Bf5 13. Ne4 Nxe4 14. Bxe4 Bxe4 15. Rxe4 f5 16. Re2 f4 17. f3 Rf6 18. Qd3 Rh6 19. Bd2 Qe7 20. Bxf4 Re6 21. dxe5 dxe5 22. Qb3 Kh8 23. Rae1 Re8 24. Rxe5 Rxe5 25. Rxe5 Qd7 26. Qd3 Qf7 27. Qf5 Qg8 28. Rxe8 Qxe8 29. Qe5 Qd8 30. Qb8 Nc8 31. Qc7 Qe8 32. Qe5 Ne7 33. Qb8 Nc8 34. Qxb7 Ne7 35. Qe4 Kg8 36. Bd6 1-0